[Event "Francophonie-ch 9th"]
[Site "Yamoussoukro"]
[Date "2023.07.09"]
[Round "7"]
[White "Amako, Marc Arnold"]
[Black "Slami, Zoheir"]
[Result "1-0"]
[WhiteElo "1720"]
[BlackElo "1920"]
[PlyCount "138"]
[EventDate "2023.07.02"]
[EventType "swiss"]
[EventRounds "9"]
[EventCountry "IVO"]
[SourceTitle "CBM 215 Extra"]
[Source "ChessBase"]
[SourceDate "2023.09.30"]
[SourceVersion "1"]
[SourceVersionDate "2023.09.30"]
[SourceQuality "1"]

1. d4 d5 2. Bf4 e6 3. e3 Nf6 4. Nf3 c5 5. Nbd2 Nc6 6. c3 Be7 7. Bd3 0-0 8. Qe2 b6 9. e4 cxd4 10. cxd4 dxe4 11. Nxe4 Bb7 12. Nxf6+ Bxf6 13. Qe4 g6 14. 0-0 Na5 15. Qe3 Bxf3 16. Qxf3 Qxd4 17. Rad1 Qxb2 18. Bc1 Qe5 19. Bf4 Qc5 20. Bd6 Qxd6 21. Be4 Bd4 22. Bxa8 e5 23. Bd5 Kg7 24. Bb3 Nxb3 25. Qxb3 Rc8 26. Kh1 Qf6 27. Qa4 a5 28. f4 Qc6 29. Qxc6 Rxc6 30. fxe5 Bxe5 31. Rc1 Rxc1 32. Rxc1 f5 33. Rc6 Bd4 34. g3 g5 35. Kg2 h5 36. h3 h4 37. gxh4 gxh4 38. Kf3 Kf7 39. a4 Ke7 40. Kf4 Kd7 41. Rh6 Bf2 42. Kxf5 Kc7 43. Ke4 Kb7 44. Kd5 Ka7 45. Rh7+ Ka6 46. Kc6 Bg3 47. Rb7 Bf2 48. Kc7 Bg3+ 49. Kc8 Bf4 50. Rf7 Bg3 51. Rh7 Bf2 52. Kc7 Bg3+ 53. Kc6 Bf2 54. Kd5 Bg3 55. Ke4 Be1 56. Kf3 Bg3 57. Ke2 b5 58. Rh6+ Kb7 59. axb5 Ka7 60. Kd3 Kb7 61. Kc4 Bf2 62. Kb3 Ka7 63. Ra6+ Kb7 64. Rxa5 Kb6 65. Ka4 Kc5 66. Ra6 Kd5 67. Rf6 Bg3 68. b6 Ke5 69. Rf1 Kd5 1-0

[Event "Africa zt 4.2 op"]
[Site "Dimbokro"]
[Date "2023.03.30"]
[Round "8"]
[White "Mambe, Lobognon Anderson"]
[Black "Amako, Marc Arnold"]
[Result "0-1"]
[WhiteElo "1916"]
[BlackElo "1647"]
[PlyCount "76"]
[EventDate "2023.03.25"]
[EventType "swiss"]
[EventRounds "9"]
[EventCountry "IVO"]
[SourceTitle "CBM 213 Extra"]
[Source "ChessBase"]
[SourceDate "2023.05.31"]
[SourceVersion "1"]
[SourceVersionDate "2023.05.31"]
[SourceQuality "1"]

1. e4 c5 2. Nf3 Nc6 3. d4 cxd4 4. Nxd4 Nf6 5. Nc3 e5 6. Nb3 Bb4 7. Bd3 d5 8. exd5 Nxd5 9. Bd2 Bxc3 10. Bxc3 Nxc3 11. bxc3 0-0 12. 0-0 Qh4 13. Qf3 f5 14. Rab1 Kh8 15. Nc5 Qe7 16. Nb3 e4 17. Qe2 exd3 18. Qxd3 f4 19. Rfe1 Qg5 20. Nd4 Nxd4 21. cxd4 Bf5 22. Qb3 Rac8 23. Rbc1 Rfe8 24. c4 Be4 25. Qh3 Bf5 26. Rxe8+ Rxe8 27. Qf3 Bg4 28. Qxb7 f3 29. Rb1 Bh5 30. g3 Qg4 31. Kh1 Qh3 32. Rg1 h6 33. d5 Re1 34. Qc8+ Qxc8 35. Rxe1 Qc6 36. c5 Qxc5 37. Rd1 Qc4 38. d6 Bg4 0-1

[Event "Africa zt 4.2 op"]
[Site "Dimbokro"]
[Date "2023.03.27"]
[Round "4"]
[White "Aka Justin, Jean Robert Koumi"]
[Black "Amako, Marc Arnold"]
[Result "0-1"]
[WhiteElo "1833"]
[BlackElo "1647"]
[PlyCount "74"]
[EventDate "2023.03.25"]
[EventType "swiss"]
[EventRounds "9"]
[EventCountry "IVO"]
[SourceTitle "CBM 213 Extra"]
[Source "ChessBase"]
[SourceDate "2023.05.31"]
[SourceVersion "1"]
[SourceVersionDate "2023.05.31"]
[SourceQuality "1"]

1. e4 c5 2. Nf3 Nc6 3. d4 cxd4 4. Nxd4 Nf6 5. Nc3 e5 6. Nxc6 bxc6 7. a3 Bc5 8. Be2 0-0 9. 0-0 Rb8 10. Rb1 h6 11. b4 Bd4 12. Bb2 Qe7 13. Qd3 d6 14. Na4 Bxb2 15. Rxb2 d5 16. exd5 cxd5 17. Rfb1 Bd7 18. Nc5 Bb5 19. Qd2 a5 20. c3 axb4 21. cxb4 Bxe2 22. Qxe2 e4 23. Nb3 Qa7 24. Ra2 d4 25. Rc1 Rfc8 26. Rxc8+ Rxc8 27. Nc5 Qb6 28. h3 Qd6 29. Qa6 Rc6 30. Qe2 Qd5 31. a4 d3 32. Qd2 Nd7 33. Nxd7 Qxd7 34. a5 Qc7 35. Ra1 Rc2 36. a6 Rxd2 37. a7 Rd1+ 0-1

[Event "Francophonie-chT Rapid"]
[Site "Tornelo INT"]
[Date "2022.06.04"]
[Round "5.11"]
[White "Amako, Marc Arnold"]
[Black "Cornil, Etienne"]
[Result "0-1"]
[WhiteElo "1547"]
[BlackElo "1895"]
[PlyCount "86"]
[EventDate "2022.06.04"]
[EventType "team-swiss (rapid)"]
[EventRounds "11"]
[EventCountry "FRA"]
[SourceTitle "CBM 208 Extra"]
[Source "ChessBase"]
[SourceDate "2022.07.31"]
[SourceVersion "1"]
[SourceVersionDate "2022.07.31"]
[SourceQuality "1"]
[WhiteTeam "Ivory Coast II"]
[BlackTeam "Belgium FRBE"]
[WhiteTeamCountry "IVO"]
[BlackTeamCountry "BEL"]

1. c4 d6 2. Nc3 Nf6 3. d4 g6 4. e4 Bg7 5. Be2 c6 6. h4 h5 7. Nh3 e5 8. d5 cxd5 9. cxd5 Nbd7 10. Bg5 Qa5 11. Qd3 Nc5 12. Qb5+ Qxb5 13. Bxb5+ Bd7 14. Bxd7+ Kxd7 15. Bxf6 Bxf6 16. Ng5 Ke7 17. 0-0-0 Rac8 18. Kb1 Bg7 19. Rhe1 f6 20. Nf3 Bh6 21. Ng1 f5 22. exf5 gxf5 23. g3 a6 24. Nge2 Kf6 25. f4 e4 26. Nd4 Rhg8 27. Re3 Nd3 28. Rdxd3 exd3 29. Re6+ Kf7 30. Rxh6 Rxg3 31. Kc1 Rg2 32. Nxf5 Rc2+ 33. Kd1 Rg8 34. Nxd6+ Ke7 35. Nf5+ Kd8 36. Re6 Rg1+ 37. Re1 Rgg2 38. Rf1 Rcd2+ 39. Ke1 Rxb2 40. Kd1 Rgd2+ 41. Ke1 Rdc2 42. Rf3 Rc1+ 43. Nd1 Re2+ 0-1